LEADER 02444ojm 2200277z- 450 001 9910164102203321 005 20251113110033.0 010 $a0-06-256515-X 035 $a(CKB)3710000001056816 035 $a(BIP)054826677 035 $a(ODN)ODN0002766573 035 $a(EXLCZ)993710000001056816 100 $a20231107c2017uuuu -u- - 101 0 $aeng 200 10$aBody Builders, The : Inside the Science of the Engineered Human 210 $cHarperCollins 330 8 $aFareed Zakaria GPS Book of the WeekWeaving together vivid storytelling and groundbreaking science, The Body Builders explores the current revolution in human augmentation, which is helping us to triumph over the limitations and constraints we have long accepted as an inevitable part of being humanFor millennia, humans have tried--and often failed--to master nature and transcend our limits. But this has started to change. The new scientific frontier is the human body: the greatest engineers of our generation have turned their sights inward, and their work is beginning to revolutionize mankind.In The Body Builders, Adam Piore takes us on a fascinating journey into the field of bioengineering--which can be used to reverse engineer, rebuild, and augment human beings--and paints a vivid portrait of the people at its center. Chronicling the ways new technology has retooled our physical expectations and mental processes, Piore visits people who have regrown parts of their fingers and legs in the wake of terrible traumas, tries on a muscle suit that allows him to lift ninety pounds with his fingertips, dips into the race to create "Viagra for the brain," and shadows the doctors trying to give mute patients the ability to communicate telepathically.As science continues to lay bare the mysteries of human performance, it is helping us to see--and exist--above our expectations. The Body Builders will take readers beyond the headlines and the hype to introduce them to the inner workings and the outer reaches of our bodies and minds, and explore how new developments are changing, and will forever change, what is possible for humankind. 517 $aBody Builders, The 610 $aScience 610 $aScience And Technology 700 $aPiore$b Adam$01436391 702 $aSanders$b Fred$4oth 906 $aAUDIO 912 $a9910164102203321 996 $aBody Builders, The : Inside the Science of the Engineered Human$93595058 997 $aUNINA LEADER 02271nas 2200613- 450 001 9910149349403321 005 20260218112833.0 011 $a1875-0680 035 $a(DE-599)ZDB2400580-0 035 $a(CKB)3790000000059335 035 $a(CONSER)--2008243898 035 $a(DE-599)2400580-0 035 $a(EXLCZ)993790000000059335 100 $a20080318a20079999 --- - 101 0 $afre 135 $aurcn||||||||| 181 $ctxt$2rdacontent 182 $cc$2rdamedia 200 00$aAlter $eEuropean journal of disability research = Revue européenne de recherche sur le handicap 210 1$aAubervilliers, France :$cÉditions de l'EHESS 215 $a1 online resource 300 $aRefereed/Peer-reviewed 311 08$aPrint version: Alter : 1875-0672 (DLC) 2008243898 (OCoLC)261400323 517 3 $aEuropean journal of disability research 517 3 $aRevue européenne de recherche sur le handicap 606 $aPeople with disabilities$zEurope$vPeriodicals 606 $aPeople with disabilities$xResearch$vPeriodicals 606 $aPeople with disabilities$xGovernment policy$zEurope$vPeriodicals 606 $aPersons with Disabilities 606 $aRehabilitation 606 $aPeople with disabilities$2fast$3(OCoLC)fst01057245 606 $aPeople with disabilities$xGovernment policy$2fast$3(OCoLC)fst01057285 606 $aPeople with disabilities$xResearch$2fast$3(OCoLC)fst01057327 606 $aHandicap$xRecherche$2ram 606 $aHandicapés$xPolitique publique$2ram 606 $aAide aux handicapés$2ram 607 $aEurope$2fast 608 $aPeriodicals.$2fast 615 0$aPeople with disabilities 615 0$aPeople with disabilities$xResearch 615 0$aPeople with disabilities$xGovernment policy 615 12$aPersons with Disabilities. 615 22$aRehabilitation. 615 7$aPeople with disabilities. 615 7$aPeople with disabilities$xGovernment policy. 615 7$aPeople with disabilities$xResearch. 615 7$aHandicap$xRecherche. 615 7$aHandicapés$xPolitique publique. 615 7$aAide aux handicapés. 906 $aJOURNAL 912 $a9910149349403321 920 $aexl_impl conversion 996 $aAlter$9891537 997 $aUNINA